Sociálny fond v obciach, rozpočtových a príspevkových organizáciách

Tvorbu a použitie sociálneho fondu upravuje zákon č. 152/1994 Z.z. o sociálnom fonde a o zmene a doplnení zákona č. 286/1992 Zb. o daniach z príjmov. Použitie sociálneho fondu. Ilustračné príklady.

Enregistré dans:
Détails bibliographiques
Auteur principal: Veverková, Ingrid
Format: Chapitre de livre
Langue:slovaque
Sujets:
Tags: Ajouter un tag
Pas de tags, Soyez le premier à ajouter un tag!

MARC

LEADER 00000naa a2200000 4500
001 0124752
005 20231204100900.9
041 0 |a slo 
044 |a SK 
245 1 0 |a Sociálny fond v obciach, rozpočtových a príspevkových organizáciách  |c Ingrid Veverková 
520 |a Tvorbu a použitie sociálneho fondu upravuje zákon č. 152/1994 Z.z. o sociálnom fonde a o zmene a doplnení zákona č. 286/1992 Zb. o daniach z príjmov. Použitie sociálneho fondu. Ilustračné príklady. 
610 2 0 |a účtovníctvo 
610 2 0 |a obce 
610 2 0 |a organizácie rozpočtové 
610 2 0 |a organizácie príspevkové 
610 2 0 |a fond sociálny 
100 1 |a Veverková, Ingrid